000 00477nam a2200181Ia 4500
005 20250115053603.0
008 240331s9999 xx 000 0 und d
020 _a8186706089
082 _bMAR
_24578
_a305.3
245 2 _aA Question of Silence?
_bThe Sexual Economies of Modern India
260 _aNew Delhi
_bKali for Women
_c1998
300 _aviii, 412 p.,
650 _aSexuality
650 _aIndia
700 _aJohn, M. E
_eedt
700 _aNair, J
_eedt
942 _cL
999 _c1602
_d1602